Control constitucional, judicial y ético de los parlamentarios
Spremljeno u:
| Glavni autori: | , |
|---|---|
| Format: | Knjiga |
| Jezik: | španjolski |
| Izdano: |
Santiago
Tribunal Constitucional
2013
|
| Izdanje: | 1a. ed |
| Serija: | Cuadernos del Tribunal Constitucional, 33
|
| Teme: | |
| Oznake: |
Dodaj oznaku
Bez oznaka, Budi prvi tko označuje ovaj zapis!
|
MARC
| LEADER | 00000cam a2200000 a 4500 | ||
|---|---|---|---|
| 001 | UCE1722 | ||
| 003 | CL-VaPUC | ||
| 008 | 140508e20130000cl |||||||||||||||||spa|d | ||
| 082 | 0 | 4 | |a 340.1 |b CAS |2 21 |
| 100 | 0 | |a Castillo Barrera, Hernán Javier |e author |9 574106 | |
| 700 | 0 | |a Meneses Costadoat, Raimundo |e author |9 574107 | |
| 245 | 1 | 0 | |a Control constitucional, judicial y ético de los parlamentarios |
| 250 | |a 1a. ed | ||
| 300 | |a 721 p | ||
| 942 | |c BK | ||
| 945 | |d 20140508 16:03:00 |a dcastane | ||
| 260 | |a Santiago |b Tribunal Constitucional |c 2013 | ||
| 650 | 0 | |a Filosofía del derecho |9 255050 | |
| 650 | 0 | |a Derecho constitucional |9 222588 | |
| 650 | 0 | |a Constitución política |9 336925 | |
| 650 | 7 | |a CONTROL CONSTITUCIONAL |2 CL-VaPUC |9 574108 | |
| 583 | |a last modification |c 20140508 16:03:00 |k Rodrigo Vera | ||
| 490 | 0 | |a Cuadernos del Tribunal Constitucional, 33 | |
| 999 | |c 355444 |d 355442 | ||
| 952 | |0 0 |1 0 |3 erb |4 0 |6 340_100000000000000_CAS_2013 |7 0 |8 A |9 462172 |a BIBDER |b BIBDER |i 5074282 |o 340.1 CAS 2013 |p 5074282 |r 2023-01-25 |w 2019-11-23 |y BK |z Catalogado en:20140508 |k DER | ||